00593 a2200229 4500260001200000630002500012037001300037650002800050100001600078700001600094260001700110245009000127300001100217650002600228650004100254260000900295300000900304100000700313037001200320250001300332020001800345 aAbidjan a657 - Comptabilité b1, Achat a6 - SCIENCES APPLIQUEES aEdi, René aCorre, Jean bEditions EDI aPrécis de comptabilité SYSCOA : réglementations juridique, comptable et fiscale a622 p. aPlan comptable SYSCOA aPlan comptable SYSCOA : commentaire c1998 b24cm lFr aDE 9668 a4e éd. a2-86-394132-1